| 000 | 00375nam a2200133 a 4500 | ||
|---|---|---|---|
| 005 | 20140412111336.0 | ||
| 008 | 090928s19uu xx 00 eng d | ||
| 020 | _a186-503980-2 | ||
| 050 |
_aTR(PS E _bCa28 2003 |
||
| 100 | _aDr. Seuss | ||
| 245 |
_aThe Cat in the hat and other stories / _cDr. Seuss. |
||
| 260 |
_aAustralia : _bThe Five mile press, _c2003. |
||
| 999 |
_c105035 _d105035 |
||